000 00781nam a2200205Ii 4500
003 JO-AjNU
008 230605s9999||||xx |||||||||||||| ||und||
017 _a2008/10730
040 _aJO-AjNU
_bara
_erda
_cJO-AjNU
041 _aara
050 1 4 _aHG4523.N34 2009
100 3 _aتأليف: النجار، فريد,
_eauthor
_932731
245 0 0 _aاسواق المال والمؤسسات المالية: محاور التمويل الاستراتيجي
264 3 1 _aالاسكندرية: الدار الجامعية، 2009
300 _a266ص
_bيحتوي على ببلوغرافية وجداول من 259-266ص
336 _atext
_btxt
_2rdacontent
337 _aunmediated
_bn
_2rdamedia
338 _avolume
_bnc
_2rdacarrier
650 4 _aالاسواق المالية
_932732
999 _aA13248
_c16816
_d16816